000 00626nam a2200193Ia 4500
003 LDD
008 190117s9999 xx 000 0 und d
020 _a8188118273
_c₹390
040 _cLDD
041 _ahi
082 _a8K3.7 भै6451वं
100 _aभैरप्पा, एस. एल.
245 0 _aवंशवृक्ष
_cएस. एल. भैरप्पा
260 _aदिल्ली
_bकिताब घर प्रकाशन
_c2010
300 _a292p.
901 _aKGP TST
904 _aReqst by : Jyoti Chawla
942 _2ddc
_cH
999 _c165602
_d165602